History Quiz

Random History Quiz

Enron Scandal Quiz Stats

 Plays Quiz not verified by Sporcle

Support Sporcle.
Go Orange.
Score 0/5 Timer 05:00
0 Plays Today
Person/Thing Your Answer % Correct
Founder and CEO of Enron at the time of the scandalKenneth Lay
78.2%
Enron's IndustryEnergy
69.1%
Letter of Enron's logoE
45.5%
Peak Price (per share) of Enron Stock in August 2000$90
40%
Last Business sold off by Enron after filing for bankruptcyPrisma Energy
14.5%

You're not logged in!

Compare scores with friends on all Sporcle quizzes.
OR
Log In

From the Vault

MLB Highest WAR by Position (2000s)

by edykhuizen

They should really make up a baseball stat called LOVE, just for the sake of headlines.
Remove Ads.
Support Sporcle.
Get the best of Sporcle when you Go Orange. This ad-free experience offers more features, more stats, and more fun while also helping to support Sporcle. Thank you for becoming a member.

Show Comments

Extras

Created Feb 8, 2011ReportNominate
Tags:Person, Related, scandal

Top Quizzes Today


Score Distribution

Your Account Isn't Verified!

In order to create a playlist on Sporcle, you need to verify the email address you used during registration. Go to your Sporcle Settings to finish the process.

Report this User

Report this user for behavior that violates our Community Guidelines.

Details: